Normal view
MARC view
- Microfinance
Entry Topical Term
001 - CONTROL NUMBER
- control field: 90601
003 - CONTROL NUMBER IDENTIFIER
- control field: NUST
005 - DATE AND TIME OF LATEST TRANSACTION
- control field: 20220314160913.0
008 - FIXED-LENGTH DATA ELEMENTS
- fixed length control field: 220314|| aca||aabn | a|a d
040 ## - CATALOGING SOURCE
- Original cataloging agency: NUST
- Transcribing agency: NUST
150 ## - HEADING--TOPICAL TERM
- Topical term or geographic name entry element: Microfinance
- Geographic subdivision: Pakistan
670 ## - SOURCE DATA FOUND
- Source citation: Work cat.: (NUST)0: Ismail, Aquila. 90599, The microcredit programme of OPP-Orangi charitable trust /, c2005.
